Homecoming - Kanye West - Paroles/Lyrics - Statistiques

Statistiques générales
  • Ce quiz a été pris 81 fois
  • Le résultat moyen est 34 sur 62
Statistiques - réponses
--> % Correct
homie I know you don't know me but
95%
me She said you left your kids and
95%
they just like you They want to rap
95%
they just not you and I just got
95%
representing you making you proud Reach for the
95%
stars so if you fall you land on
95%
Maybe you do you remember when Fireworks at
95%
Maybe you do you remember when Fireworks at
95%
you think about me now and then Cause
94%
I'm coming home again coming home again I
92%
I'm coming home again Do you think about
92%
so much soul she said excuse me lil'
91%
I grew up she showed me how to
91%
Chi city I'm coming home again Do you
89%
old And what I loved most she had
89%
up so astounding I told her in my
89%
on me knew I was gang affiliated got
89%
out all wrong I guess you never know
89%
met this girl when I was three years
88%
think about me now and then yeah Do
86%
lake Michigan Oh now I'm coming home again
86%
lake Michigan Oh now I'm coming home again
86%
Yeah And you say Chi city Chi city
64%
town I like to show her off They
64%
go downtown In the nighttime her face lit
62%
now and then Do you think about me
55%
coming home again Do you think about me
55%
now and then Do you think about me
55%
Do you think about me now and then
50%
Do you think about me now and then
50%
blow trees and from that point I never
48%
Now I'm coming home again Maybe we can
48%
messed with entertainers cause they always leave she
47%
now and then Cause I'm coming home again
47%
now and then Cause I'm coming home again
47%
hat cause she know they soft And when
44%
like to act tough she likes to tow
44%
said it felt like they walked and drove
36%
blow her off Niggas come from out of
36%
a cloud Jump in the crowd spark your
33%
on me She said Ye keep making that
33%
When I was back home Every interview I'm
32%
talk to her but when I talk to
32%
Maybe we can start again
32%
by now I'm talking 'bout Chi town I'm
30%
start again But if you really cared for
29%
her it always seems like she talking 'bout
29%
airport to follow your dreams Sometimes I still
29%
'em off And make 'em straighten up their
26%
heart is where she'll always be she never
26%
lighters wave 'em around If you don't know
24%
and make soul beats just like you But
24%
keep making that platinum and gold for me
24%
what you got 'til it's gone I guess
23%
on TV and told on me I guess
23%
through talking 'bout what niggas tryna do just
23%
my name is Windy and I like to
20%
back home And guess when I heard that
18%
her Then you wouldn't have never hit the
18%
not new Now everybody got the game figured
17%
that's why I'm here and I can't come
17%
that's why last winter she got so cold
14%
Aucun quiz correspondant
Distribution des résultats
% des personnes avec chaque résultat
Percentile par nombre de réponses
Votre historique - résultats
Vous n’avez pas pris ce quiz